000 00772nam a22002655i 4500
001 11489
003 ES-MaACL
005 20230906150118.0
007 t|
008 930707s1992 sp ||||0| spa j
020 _a84-7100-211-6 (rúst.)
040 _aM-BN
_bspa
_cM-BN
080 _a9(=98:85)
100 1 _aOssio, Juan M.
_987789
245 1 4 _aLos indios del Perú /
_cJuan M. Ossio.
260 _aMadrid :
_bMAPFRE,
_c[1992]
300 _a304 p :
_bil ;
_c23 cm.
490 1 _aColección Indios de América ;
_v1
500 _aIndices.
504 _aBibliografía: p. [281]-289.
650 1 4 _aIndios de Perú-
_xHistoria.
_913703
830 0 _aColección Indios de América ;
_v1
_9179123
852 _aES-MaACL
_jL-18814
_bR.124196
999 _c11489
_d11489